|
|
|
|
| LEADER |
00000cam a22000004a 4500 |
| 001 |
musev2_74262 |
| 003 |
MdBmJHUP |
| 005 |
20230905051708.0 |
| 006 |
m o d |
| 007 |
cr||||||||nn|n |
| 008 |
100712s2001 mx o 00 0 spa d |
| 020 |
|
|
|a 9786075640648
|
| 020 |
|
|
|z 9789681209773
|
| 035 |
|
|
|a (OCoLC)1151076699
|
| 040 |
|
|
|a MdBmJHUP
|c MdBmJHUP
|
| 245 |
0 |
0 |
|a Empresarias y ejecutivas :
|b mujeres con poder /
|c Dalia Barrera Bassols, compiladora ; Ma. Guadalupe Serna Perez, Gina Zabludovsky, Patricia Arias y Griselda Martínez Vázquez
|
| 250 |
|
|
|a Primera edición
|
| 264 |
|
1 |
|a Mexico, D.F. :
|b Colegio de Mexico, Centro de Estudios Sociológicos, Programa Interdisciplinario de Estudios de la Mujer,
|c 2001
|
| 264 |
|
3 |
|a Baltimore, Md. :
|b Project MUSE,
|c 2020
|
| 264 |
|
4 |
|c ©2001
|
| 300 |
|
|
|a 1 online resource:
|b illustrations
|
| 336 |
|
|
|a text
|b txt
|2 rdacontent
|
| 337 |
|
|
|a computer
|b c
|2 rdamedia
|
| 338 |
|
|
|a online resource
|b cr
|2 rdacarrier
|
| 505 |
0 |
|
|a Las empresarias en Mexico: una visión comparativa regional y global / Gina Zabludovsky -- Empresarias y relaciones de genero en dos ciudades de provincia / Ma. Guadalupe Serna Perez -- Mujeres en los negiocios y mujeres de negocios / Patricia Arias -- Ejecutivas: una nueva presencia en los espacios del poder / Griselda Martínez Vázquez
|
| 506 |
0 |
|
|a Open Access
|f Unrestricted online access
|2 star
|
| 588 |
|
|
|a Description based on print version record.
|
| 650 |
|
7 |
|a Women-owned business enterprises.
|2 fast
|0 (OCoLC)fst01179163
|
| 650 |
|
7 |
|a Women executives.
|2 fast
|0 (OCoLC)fst01177651
|
| 650 |
|
7 |
|a Businesswomen.
|2 fast
|0 (OCoLC)fst00843013
|
| 650 |
|
7 |
|a BUSINESS & ECONOMICS / Women in Business
|2 bisacsh
|
| 650 |
|
6 |
|a Entreprises appartenant à des femmes
|z Mexique.
|
| 650 |
|
0 |
|a Women-owned business enterprises
|z Mexico.
|
| 650 |
|
0 |
|a Businesswomen
|z Mexico.
|
| 650 |
|
0 |
|a Women executives
|z Mexico.
|
| 651 |
|
7 |
|a Mexico.
|2 fast
|0 (OCoLC)fst01211700
|
| 655 |
|
7 |
|a Electronic books.
|2 local
|
| 700 |
1 |
|
|a Serna Perez, Ma. Guadalupe
|q (María Guadalupe)
|
| 700 |
1 |
|
|a Barrera Bassols, Dalia,
|e editor.
|
| 710 |
2 |
|
|a Colegio de Mexico.
|b Programa Interdisciplinario de Estudios de la Mujer.
|
| 710 |
2 |
|
|a Project Muse.
|e distributor
|
| 830 |
|
0 |
|a Book collections on Project MUSE.
|
| 856 |
4 |
0 |
|z Texto completo
|u https://projectmuse.uam.elogim.com/book/74262/
|